Central Library OPAC University of Rajshahi

The Body : (Record no. 83601)

MARC details
000 -LEADER
fixed length control field 00539nam a2200205 a 4500
001 - CONTROL NUMBER
control field 83601
003 - CONTROL NUMBER IDENTIFIER
rucl marc code BD-RjUL
005 - DATE AND TIME OF LATEST TRANSACTION
control field 20240428142858.0
008 - FIXED-LENGTH DATA ELEMENTS--GENERAL INFORMATION
fixed length control field 240428s1949 enk 000 0 eng d
035 ## - SYSTEM CONTROL NUMBER
System control number (BD-RjUL)83601
040 ## - CATALOGING SOURCE
Original cataloging agency BGU
Language of cataloging eng
Transcribing agency BD-RjUL
041 ## - LANGUAGE CODE
Language code of text/sound track or separate title eng
082 ## - DEWEY DECIMAL CLASSIFICATION NUMBER
Edition number 23
Classification number 823.91
Author mark and year SAN 1949
100 1# - MAIN ENTRY--PERSONAL NAME
Personal name Sansom, William,
Dates associated with a name 1912-1976
9 (RLIN) 12576
245 14 - TITLE STATEMENT
Title The Body :
Remainder of title a novel /
Statement of responsibility, etc. by William Sansom
260 ## - PUBLICATION, DISTRIBUTION, ETC. (IMPRINT)
Place of publication, distribution, etc. London :
Name of publisher, distributor, etc. Hogarth Press,
Date of publication, distribution, etc. 1949
300 ## - PHYSICAL DESCRIPTION
Pagination 232 p.;
Size 19 cm
650 ## - SUBJECT ADDED ENTRY--TOPICAL TERM
Topical term or geographic name as entry element English fiction
942 ## - ADDED ENTRY ELEMENTS (KOHA)
Source of classification or shelving scheme Dewey Decimal Classification
Koha item type Books
Holdings
Lost status Source of classification or shelving scheme Damaged status Not for loan Collection code Permanent Location Current Location Shelving location Date acquired Source of acquisition Cost, normal purchase price Total Checkouts Full call number Date last seen Copy number Koha item type
  Dewey Decimal Classification   Not For Loan Fiction Central Library, University of Rajshahi Central Library, University of Rajshahi Reading Room 04/04/1964 Zeitlinger 10.60   823.91 SAN 1949 28/04/2024 C-1 Books